Undang-undang keluarga Islam : (Record no. 759)
[ view plain ]
| 000 -LEADER | |
|---|---|
| fixed length control field | nam a22 a 4500 |
| 003 - CONTROL NUMBER IDENTIFIER | |
| control field | 983690006 |
| 005 - DATE AND TIME OF LATEST TRANSACTION | |
| control field | 20170505093145.0 |
| 008 - FIXED-LENGTH DATA ELEMENTS--GENERAL INFORMATION | |
| fixed length control field | 170505s1989 my g 00 may d |
| 020 ## - INTERNATIONAL STANDARD BOOK NUMBER | |
| International Standard Book Number | 983690006 (kkt.) |
| 040 ## - CATALOGING SOURCE | |
| Original cataloging agency | AKMAL |
| 082 04 - DEWEY DECIMAL CLASSIFICATION NUMBER | |
| Classification number | 297.1 ABD |
| 090 ## - LOCALLY ASSIGNED LC-TYPE CALL NUMBER (OCLC); LOCAL CALL NUMBER (RLIN) | |
| Classification number (OCLC) (R) ; Classification number, CALL (RLIN) (NR) | 297.1 |
| Local cutter number (OCLC) ; Book number/undivided call number, CALL (RLIN) | ABD |
| 100 ## - MAIN ENTRY--PERSONAL NAME | |
| Personal name | Mahmood Zuhdi Hj. Abdul Majid, |
| Titles and words associated with a name | Dato', |
| Dates associated with a name | 1945- |
| 9 (RLIN) | 1645 |
| 245 1# - TITLE STATEMENT | |
| Title | Undang-undang keluarga Islam : |
| Remainder of title | konsep dan perlaksanaanya di Malaysia / |
| Statement of responsibility, etc. | Mahmood Zuhdi Hj. Abdul Majid, Raihanah Hj. Azahari |
| 260 ## - PUBLICATION, DISTRIBUTION, ETC. | |
| Place of publication, distribution, etc. | Kuala Lumpur : |
| Name of publisher, distributor, etc. | Karya Abazie, |
| Date of publication, distribution, etc. | 1989 |
| 300 ## - PHYSICAL DESCRIPTION | |
| Extent | 242ms. ; |
| Dimensions | 19cm |
| 504 ## - BIBLIOGRAPHY, ETC. NOTE | |
| Bibliography, etc. note | Bibliografi: ms. 236-242 |
| 505 0# - FORMATTED CONTENTS NOTE | |
| Formatted contents note | Mengandungi ayat-ayat dari Quran |
| 650 1# - SUBJECT ADDED ENTRY--TOPICAL TERM | |
| Topical term or geographic name entry element | Domestic relations (Islamic law) |
| 9 (RLIN) | 1646 |
| 650 2# - SUBJECT ADDED ENTRY--TOPICAL TERM | |
| Topical term or geographic name entry element | Domestic relations |
| Geographic subdivision | Malaysia |
| 9 (RLIN) | 1647 |
| 700 0# - ADDED ENTRY--PERSONAL NAME | |
| Personal name | Raihanah Hj. Azahari |
| 9 (RLIN) | 1648 |
| 942 ## - ADDED ENTRY ELEMENTS (KOHA) | |
| Source of classification or shelving scheme | |
| Koha item type | Book |
| Withdrawn status | Lost status | Source of classification or shelving scheme | Damaged status | Not for loan | Collection code | Home library | Current library | Shelving location | Date acquired | Inventory number | Total Checkouts | Full call number | Barcode | Date last seen | Price effective from | Koha item type |
|---|---|---|---|---|---|---|---|---|---|---|---|---|---|---|---|---|
| NON-FICTION | AKMAL Melaka | AKMAL Melaka | PINJAMAN | 05.05.2017 | 200090 | 297.1 ABD | 201701755 | 05.05.2017 | 05.05.2017 | Book |
